000 00745nam a2200253Ia 4500
003 OSt
005 20220925230639.0
006 a|||||r|||| 00| 0
007 ta
008 220923b |||||||| |||| 00| 0 eng d
020 _a0 86232 150 6
037 _cGeneral Book
040 _aRTL
_cRTL
_beng
041 _2eng
_aeng
082 _aY49.657.N80<--M70, M4
100 _aCrisp Jeff
_9125846
245 0 _aStory of an African working class
_b Ghanaian miners struggles, 1870-1980
260 _aLondon
_bZed Books
_c1984
300 _axviii,200p
_ccm.
500 _aBibliography: p 189-195
650 _aWorking Class
942 _hY49.657.N80<--M70, M4
_cGB
_2CC
999 _c586239
_d586239